000 00954nam a2200277Ia 4500
003 OSt
005 20221005103243.0
006 a|||||r|||| 00| 0
007 ta
008 221004b |||||||| |||| 00| 0 hin d
020 _a9789384948054 (hbk)
_cIndian Rupees 290
024 _a38848
037 _bGift, 27/08/2018,
_cTextual
040 _aCRL
_cCRL
_bhin
041 _2hin
_ahin
082 _aO152,3N44,AB, Q8
100 _aत्रिपाठी, एम. एल., ले.
245 0 _aअभयदान
246 _aAbhayadāna
260 _aकोलकाता
_bप्रभात प्रकाशनी भारत
_c2018
300 _a264पृ0
_ccm.
650 _a हिन्दी साहित्य
650 _aहिन्दी कहानी
942 _hO152,3N44,AB, Q8
_cTEXL
_2cc
999 _c1009699
_d1009699